000 00790nam a2200289Ia 4500
008 160321s9999||||xx |||||||||||||| ||und||
040 _cEnglish
082 _aXI.A/Majumdar
082 _bBORI-18064
100 _aR. C. Majumdar
245 _aGlimpses Of Bengal In The Nineteenth Century
260 _aCalcutta
260 _bSrimati S. Chaudhuri
300 _a112
300 _cB
300 _eHardbound
530 _bCalcutta University
530 _u00001175.pdf
563 _aStudy
600 _aR. C. Majumdar
630 _aGlimpses Of Bengal In The Nineteenth Century
650 _a"Politics,History and Historiography"
650 _aGeneral Indology
700 _aR. C. Majumdar
730 _aGlimpses Of Bengal In The Nineteenth Century
942 _cBOOK
999 _c1358400
_d1358397